000 00307nam a22001337a 4500
008 171102b xxu||||| |||| 00| 0 eng d
020 _a1576752046
041 _aeng
080 _a339.9
100 _a59
101 _aGLO
245 _aALTERNATIVES TO ECONOMIC GLOBALIZATION
_cCAVANAGH,J
942 _2udc
_cBK
999 _c37166
_d37166